| 000 | 02021nam0a2200385 4500 | ||
|---|---|---|---|
| 001 | RU\NLR\bibl\218219 | ||
| 005 | 20260406044745.0 | ||
| 010 |
_a5-7995-0161-6 _bВ пер. _9150 |
||
| 021 |
_aRU _b2001-37801 _91795 |
||
| 035 | _a(NLR Aleph) 000214305 | ||
| 090 |
_a1244537 _c1244537 |
||
| 100 | _a20011217d2001 |||y0rusy50 ca | ||
| 101 | 0 | _arus | |
| 102 | _aRU | ||
| 105 | _aa ||||||||| | ||
| 200 | 1 |
_aОсновы проектирования механизмов главного движения и подач металлорежущих станков _eУчеб. пособие _fКлюйко Э. В., Матвеев А. И. _gМ-во образования Рос. Федерации, Твер. гос. техн. ун-т |
|
| 210 |
_aТверь _cИзд-во Твер. гос. техн. ун-та _d2001 |
||
| 215 |
_a202 с. _cил. _d30 |
||
| 313 | _aРазличные механизмы станков | ||
| 320 | _aБиблиогр.: с. 202 (20 назв.) | ||
| 606 | 0 |
_aМеталлорежущие станки _jРуководства, пособия и т.п. для высшей школы _xДетали _xПроектирование _92230693 _3RU\NLR\auth\661338889 |
|
| 606 | 0 |
_aМеталлорежущие станки _jУчебные издания для высшей школы _xДетали _xПроектирование _92230693 _3RU\NLR\auth\661338889 |
|
| 610 | 0 | _aМеталлорежущие станки - Электроприводы - Проектирование | |
| 675 |
_a621.9.06-2.001.63(075.8) _v3 _zrus |
||
| 686 |
_a55 _2rugasnti |
||
| 686 |
_a34.63-5я73 _2rubbk |
||
| 686 | _aК63-52-02я73-1 | ||
| 700 | 1 |
_aКлюйко _gЭдуард Владимирович _4070 |
|
| 701 | 1 |
_4070 _8rus _7ca _aМатвеев _bА. И. _cд-р техн. наук _gАльберт Иванович _3RU\NLR\auth\774563 _9114541 |
|
| 801 | 0 |
_aRU _bRKP _c20011217 _gPSBO |
|
| 801 | 1 |
_aRU _bRKP _c20011217 |
|
| 801 | 2 |
_aRU _bNLR _c20070831 _grcr |
|
| 942 | _cBOOK | ||
| 980 | _aNB | ||